Normal view MARC view

Entry Chronological Term

Number of records used in: 1

001 - CONTROL NUMBER

  • control field: 126708

003 - CONTROL NUMBER IDENTIFIER

  • control field: NUST

005 - DATE AND TIME OF LATEST TRANSACTION

  • control field: 20241101134359.0

008 - FIXED-LENGTH DATA ELEMENTS

  • fixed length control field: 241101|| aca||aabn | a|a d

040 ## - CATALOGING SOURCE

  • Original cataloging agency: NUST
  • Transcribing agency: NUST

148 ## - HEADING--CHRONOLOGICAL TERM

  • General subdivision: MS-Construction Engineering and Management

670 ## - SOURCE DATA FOUND

  • Source citation: Work cat.: (NUST)232184: Sadiq, Muhammad Yousaf 50753, Implementation of six sigma in construction industry of Pakistan/ , 2015.
© 2023 Central Library, National University of Sciences and Technology. All Rights Reserved.